000 00643nam a2200229 a 4500
008
020 _a0750681985 (pbk.)
049 _aMAIN
090 _aTS155
_bGAL
245 1 0 _a Operations management in context /
_cFrank Rowbotham... [et al.]
250 _a2nd ed.
260 _aAmsterdam :
_bElsevier ,
_c2000.
300 _axiii, 438 p. :
_bill. ;
_c26 cm.
500 _aIncludes index.
650 1 _aOperations management.
700 _aRowbotham, Frank.
907 _a.b10274698
_b18-09-12
_c03-03-10
003
005 20230123125014.0
040 _cNUST
942 _cBOOKS
_kTS155
_mGAL
999 _c134052
_d134052